00569nam a22002057a 450000500170000001000130001702000220003003500140005203700160006604000120008208200150009424500670010926000450017627000440022130000240026550000200028965000140030965000230032370000170034620170124105938.0 aB-031649 c00.00a8176293377 aB-0311649 bCen Lib/Ret aDPLbEN a330.12ECO aEconomic thoughts of Dadabhai Naoroji /cedited by P.H. hajela aNew delhibdeep deep publications c2001 bNew DelhiaF159, Rajouri gardene110027 avi,212p. c20cm(Hb) aIncludes index  aEconomic  aEconomic thoughts  aHajela, P.H.